Rural local governance and development

Saved in:
Bibliographic Details
Main Author: PAL, Mahi
Format: Book
Language:English
Published: SAGE 2020
Tags: Add Tag
No Tags, Be the first to tag this record!

MARC

LEADER 00000nam a22000007a 4500
008 240529b |||||||| |||| 00| 0 eng d
020 |a 9789353287207 
100 |a PAL, Mahi 
245 |a Rural local governance and development   |c / Mahi Pal  |g xxv, 381p;ill 
260 |b SAGE  |c 2020  |h New Delhi  |i 701605  |i 701606  |l JS7009.P18  |m Panchayat--India  |m  Local government--India.  |m  Rural development--India  |m  India--Rural conditions 
500 |a it includes references and index 
942 |a lcc  |c BK  |e Johnson  |f 29/05/24 
952 |0 0  |1 0  |2 lcc  |4 0  |6 JS7009 P18  |7 0  |9 5204  |a SSL  |b HOL  |c GJ  |d 2024-05-29  |l 0  |o JS7009.P18  |p 2024-0450  |r 2024-05-29 00:00:00  |t 701605  |w 2024-05-29  |y BK 
952 |0 0  |1 0  |2 lcc  |4 0  |6 JS7009 P18  |7 0  |9 5205  |a HOL  |b HOL  |c GJ  |d 2024-05-29  |l 0  |o JS7009.P18  |p 2024-0451  |r 2024-05-29 00:00:00  |t 701606  |w 2024-05-29  |y BK 
999 |c 2585  |d 2585